Physical knoweledge in preschool education : implications of Piaget's theory
Αποθηκεύτηκε σε:
| Κύριος συγγραφέας: | |
|---|---|
| Άλλοι συγγραφείς: | |
| Μορφή: | Βιβλίο |
| Γλώσσα: | English |
| Δημοσίευση: |
New York :
Teachers College Press,
1993
|
| Σειρά: | Early childhood education series
|
| Θέματα: | |
| Ετικέτες: |
Προσθήκη ετικέτας
Δεν υπάρχουν, Καταχωρήστε ετικέτα πρώτοι!
|
MARC
| LEADER | 00000nam a2200000 i 4500 | ||
|---|---|---|---|
| 001 | 1/83239 | ||
| 008 | 980226s1993 eng d | ||
| 020 | |a 0-8077-3254-0 | ||
| 035 | |a 1998 |b 1 |c Αγορά/Καϊλα |l 10034144 | ||
| 040 | |a GR-MY-UA |b gre |e aacr | ||
| 041 | 0 | |a eng | |
| 082 | 0 | |a 372.21 | |
| 100 | 1 | |a Kamii, Constance. | |
| 245 | 1 | 0 | |a Physical knoweledge in preschool education : |b implications of Piaget's theory / |c Constance Kamii, Rheta DeVries ; forewort by jean Piaget |
| 260 | |a New York : |b Teachers College Press, |c 1993 | ||
| 300 | |a 321 p. | ||
| 490 | 1 | |a Early childhood education series (Teachers College Press) | |
| 600 | 1 | 0 | |a Piaget Jean |d 1896-1980. |
| 650 | 0 | 0 | |a Education, Preschool. |
| 700 | 1 | |a DeVries, Rheta. | |
| 830 | 0 | |a Early childhood education series | |
| 852 | |a INST |b RHODES |e 19980226 |h 372.21 KAM |p 005400011048 |q 005400011048 |t BK |y 0 | ||
| 901 | |a BIBL-1998-1 | ||
| 909 | |a Ρ |b 052961 |c 1998 | ||